Principios de producción lechera /
Guardado en:
| Autor Principal: | |
|---|---|
| Formato: | Libro |
| Publicado: |
Barcelona :
Salvat,
1960
|
| Materias: | |
| Etiquetas: |
Agregar Etiqueta
Sin Etiquetas, Sea el primero en etiquetar este registro!
|
| LEADER | 01454nam a22002055a 4500 | ||
|---|---|---|---|
| 001 | CEM.cems016027 | ||
| 005 | 20090901170109.0 | ||
| 008 | 130507s1960##################000#0#####d | ||
| 003 | CEMS | ||
| 082 | 0 | 4 | |a 636.21 |
| 100 | 1 | |a Nevens, Guillermo Barbour | |
| 245 | 1 | 0 | |a Principios de producción lechera / |c Guillermo Barbour Nevens |
| 260 | |a Barcelona : |b Salvat, |c 1960 | ||
| 300 | |a 486 p. | ||
| 505 | 0 | |a Importancia de la producción lechera -- Registro de la producción lechera -- Alimentación del ganado lechero -- Cría de ganado vacuno lechero -- Enfermedades del ganado vacuno lechero -- Las razas básicas del ganado vacuno lechero para la producción económica de leche -- Selección del ganado vacuno lechero basándose en sus caracteres externos -- Estructura y desarrolo de la ubre de la vaca -- Hormonas estimulantes del desarrollo de la ubre y de la secreción de leche -- Factores que afectan la cantidad y calidad de la leche -- Produccón de leche de alta calidad -- Venta de la leche -- Problemas económicos de la producción lechera -- Importancia de la conservación del suelo -- Mejora de los pastos -- Importancia del heno para el ganado vacuno lechero -- Henificación -- Importancia del ensilaje para la producción lechera -- Establos y lecherías | |
| 653 | |a Bovinos | ||
| 653 | |a Bovinos-razas lecheras | ||
| 653 | |a Bovinos de leche | ||
| 653 | |a Leche-producción | ||
| 859 | |a CEMS |b BIB. CEMS - Agricultura |h 636.21 |i N413 |p A4990.76 |t Ej.1 | ||
